000 00860nam0a22002291 4500
001 rc\2753416
005 20260407141821.0
035 _a(NLR Aleph) 006880249
090 _a7039604
_c7039604
100 _a20110915d1939 |||y0rusy50 ca
101 0 _arus
102 _aRU
105 _ay z |||||
200 1 _aСхемы (типовые) организации первичного учета в совхозах Наркомсовхозов
_fНар. ком. зерн. и жив. совхозов СССР, Центр. бухгалтерия
210 _aМосква
_cБ. и.
_d1939
215 _a36 с., без тит. л.
_d23 см.
710 0 1 _aСССР
_bГлавное упр. мясосовхозов
_3RU\NLR\AUTH\8810010551
_9518764
801 0 _aRU
_bNLR
_gpsbo
801 1 _aRU
_bELAR
_2rusmarc
852 _aNLR
_j39-11/949
942 _cBOOK
980 _aNB